000 01518cam a2200361 a 4500
001 ibmbasicfromgrou00simo
003 CaSfIA
005 20210118101933.0
007 cr||||
008 831122s1983 njua 001 0 eng
010 _a 83231811
040 _aDLC
_cDLC
_dOCLCQ
_dBTCTA
_dBAKER
_dUBY
_dLGG
_dCaSfIA
020 _a0810463504 (pbk.)
020 _a9780810463509 (pbk.)
035 _a(OCoLC)10131598
050 0 0 _aQA76.8.I2594
_bS56 1983
082 0 _a001.64/2
_219
100 1 _aSimon, David E.
245 1 0 _aIBM BASIC from the ground up /
_h[electronic resource]
_cDavid E. Simon.
260 _aRochelle Park, N.J. :
_bHayden Book Co.,
_cc1983.
300 _a306 p. :
_bill. ;
_c24 cm.
500 _aIncludes index.
650 0 _aIBM Personal Computer
_xProgramming.
650 0 _aBASIC (Computer program language)
740 0 1 _aI.B.M.B.A.S.I.C. from the ground up.
856 4 1 _uhttp://www.archive.org/details/ibmbasicfromgrou00simo
_zFree eBook from the Internet Archive
856 4 2 _uhttp://www.openlibrary.org/books/OL2801146M
_zAdditional information and access via Open Library
029 1 _aNZ1
_b3163635
029 1 _aAU@
_b000003178206
942 _cEB
506 _fНеобхідна авторизація на https://archive.org/ (створення облікового запису безкоштовно)
506 _fНеобхідна авторизація на https://openlibrary.org/ (створення облікового запису безкоштовно)
999 _c509842
_d509842